00854 a2200181 45000010006000000050017000060080041000230030015000640400040000790800129001192450090002480200022003382640033003603000019003935050236004120410008006481000016006566301720260407155924.0260407a2008 arg spa dAR-UNSa-BCEJYS aAR-UNSa-BCEJYSbspacAR-UNSa-BCEJYS a343.8xCondena. Ejecución de la sentencia. Cumplimiento de la pena. Prevención del delito (Instituciones penitenciarias)10aCárcel y globalizaciónpEl "boom" penitenciario en los Estados Unidos y en Europa a978-950-894-702-4 1aBuenos Aires :bAD-HOCc2008 a253 p.c23 cm. a1. La globalización penitenciaria - 2. El encarcelamiento en masa en los Estados Unidos - 3. Las interpretaciones del boom penitenciario - 4. La Europa penal entre pasado y futuro - 5. Políticas penales de la globalización -  aspa1 aRe, Lucía